000 00495nam a2200181 i 4500
001 60120
003 ES-MaACL
005 20230906164147.0
007 t|
008 031103s1965 sp ||||1| spa d
245 0 0 _aEspaña en su prensa
_b: 1965.
260 _aMadrid :
_bS.I.E.,
_c1965.
300 _a351 p., 11 lám. ;
_c21 cm.
490 1 _aDocumentos informativos ;
_v8
830 0 _aDocumentos informativos ;
_v8
_9182311
852 _aES-MaACL
_jC-27482
_bR.56470
999 _c60120
_d60120